000 00375nam a2200145Ia 4500
008 230917s9999||||xx |||||||||||||| ||und||
040 _e34364
_aMAIN
041 _aEnglish
082 _a915.03 C632C
100 _aCoates, Austin
245 0 _aChina, India and the ruins of Washington
260 _aNew York
_bJohn Day Company
_c1972
300 _axii, 370 p.
942 _cBK
999 _c166237
_d166237